Novel Membrane Technologies for Traditional Industrial Processes (Record no. 28410)

MARC details
000 -LEADER
fixed length control field 01057nam a2200121Ia 4500
008 - FIXED-LENGTH DATA ELEMENTS--GENERAL INFORMATION
fixed length control field 220620s9999||||xx |||||||||||||| ||und||
100 ## - MAIN ENTRY--PERSONAL NAME
Personal name Li, Pei||Jiang, Lan-Ying||Chung, Neal Tai-Shung||Wang, Yan
245 #0 - TITLE STATEMENT
Title Novel Membrane Technologies for Traditional Industrial Processes
546 ## - LANGUAGE NOTE
Language note English[eng]
650 ## - SUBJECT ADDED ENTRY--TOPICAL TERM
Topical term or geographic name entry element n/a||membrane||draw solutes||regeneration||steam explosion||wastewater treatment||lignin||hydrogen||supported ionic liquid membranes||chlorine resistance||photocatalytic membrane||thin-film composite||photocatalytic membrane reactors||single-sites||pore modification||polyimide||separation||dynamic membrane filtration||microalgae||structural stability||energy||fine chemistry||pre-reforming||costs||fractionation||carbon dioxide||glucose||alkanes||immobilization||biomimetic||aquaporins||nanofiltration||interfacial polymerization||cell disruption||gas separation||steam reforming||plasticization||xylose||forward osmosis||zeolite membrane||membrane separation||dopamine
856 ## - ELECTRONIC LOCATION AND ACCESS
Uniform Resource Identifier <a href="https://mdpi.com/books/pdfview/book/1216">https://mdpi.com/books/pdfview/book/1216</a>
942 ## - ADDED ENTRY ELEMENTS (KOHA)
Koha item type E-Books
Holdings
Withdrawn status Lost status Damaged status Not for loan Home library Current library Date acquired Total Checkouts Date last seen Price effective from Koha item type
        Kerala University of Digital Sciences, Innovation and Technology Knowledge Centre Kerala University of Digital Sciences, Innovation and Technology Knowledge Centre 20/06/2022   20/06/2022 20/06/2022 E-Books